Các giải pháp chiến lược nâng cao hiệu quả xuất khẩu gạo Việt Nam

সংরক্ষণ করুন:
গ্রন্থ-পঞ্জীর বিবরন
প্রধান লেখক: Nguyễn, Văn Sơn
বিন্যাস: গ্রন্থ
ভাষা:Undetermined
প্রকাশিত: Hà Nội Thống kê 2000
বিষয়গুলি:
ট্যাগগুলো: ট্যাগ যুক্ত করুন
কোনো ট্যাগ নেই, প্রথমজন হিসাবে ট্যাগ করুন!
Thư viện lưu trữ: Trung tâm Học liệu Trường Đại học Cần Thơ
LEADER 00611nam a2200193Ia 4500
001 CTU_39971
008 210402s9999 xx 000 0 und d
020 |c 20000 
082 |a 338.18 
082 |b S464 
100 |a Nguyễn, Văn Sơn 
245 0 |a Các giải pháp chiến lược nâng cao hiệu quả xuất khẩu gạo Việt Nam 
245 0 |c Nguyễn Văn Sơn 
260 |a Hà Nội 
260 |b Thống kê 
260 |c 2000 
650 |a Agricultural products 
904 |i Nguyễn Quang Điền 
980 |a Trung tâm Học liệu Trường Đại học Cần Thơ